Catálogo

JUVENTUD Y MORAL : (Registro nro. 54481)

Detalles MARC
000 -LEADER
fixed length control field 01255nam a2200217 a 4500
001 - CONTROL NUMBER
control field 54481
005 - DATE AND TIME OF LATEST TRANSACTION
control field 20180714045328.0
008 - FIXED-LENGTH DATA ELEMENTS--GENERAL INFORMATION
fixed length control field 140415s2009 ir 000 0 spa d
020 ## - INTERNATIONAL STANDARD BOOK NUMBER
International Standard Book Number 9789645817716
041 ## - LANGUAGE CODE
Language code of text/sound track or separate title spa
082 ## - DEWEY DECIMAL CLASSIFICATION NUMBER
Classification number 155.232
Item number LAR
100 1# - MAIN ENTRY--PERSONAL NAME
Personal name LARI, SAYYID MUJTABA MUSAVI
245 10 - TITLE STATEMENT
Title JUVENTUD Y MORAL :
Remainder of title UN ESTUDIO DE PROBLEMAS MORALES Y PSICOLOGICOS DE LOS JOVENES
250 ## - EDITION STATEMENT
Edition statement 1a ed.
260 ## - PUBLICATION, DISTRIBUTION, ETC.
Place of publication, distribution, etc. IRAN :
Name of publisher, distributor, etc. FUNDATION OF ISLAMIC CULTURAL PROPAGATION IN THE WORL,
Date of publication, distribution, etc. 2009
300 ## - PHYSICAL DESCRIPTION
Extent 380
Dimensions 14.5 x 1 x 21.4
520 ## - SUMMARY, ETC.
Summary, etc. HOY EN DIA OBSEVAMOS QUE MUCHAS NACIONES Y PERSONAS, VIVEN APARENTEMENTE EN CONDICIONES SEGURAS, AUNQUE SOMOS TESTIGOS DE COMO CIERTOS GRUPOS O INDIVIDUOS DE ENTRE ELLOS SOBRESALIERON Y TOMARON LA DELANTERA DE LA CIVILIZACION. ENTRE ESTORS GRUPOS ESTAN AQUELLOS QUE DEJARON DE REFLEXIONAR Y ADOPTARON EL HABITO DE DENOMINAR A TODO SUCESO EN SUS VIDAS COMO SUERTE, SIENDO ASI QUE CUANDO ESTOS GRUPOS AFRONTARON CUALQUIER SITUACION QUE REQUIRIESE UNA REFLEXION, SIMPLEMENDE DIJERON: ĄQUE EXT
650 14 - SUBJECT ADDED ENTRY--TOPICAL TERM
Topical term or geographic name entry element MORAL ISLAMICA
General subdivision MORAL
-- HUMANA
-- PSICOLOGIA DEL ADOLESCENTE
700 1# - ADDED ENTRY--PERSONAL NAME
Personal name CHINCHILLA C. MAHDI
Relator term tr.
740 ## - ADDED ENTRY--UNCONTROLLED RELATED/ANALYTICAL TITLE
Uncontrolled related/analytical title JUVENTUD Y MORALUM STUDIO DE PROBLEMS MORALS Y PSICOLOGICOS DE LOS JOVENES
Existencias
Withdrawn status Lost status Source of classification or shelving scheme Damaged status Not for loan Collection code Home library Current library Shelving location Date acquired Source of acquisition Inventory number Total Checkouts Full call number Barcode Date last seen Date last checked out Price effective from Koha item type
    Dewey Decimal Classification     General Biblioteca Karol Wojtyla Biblioteca Karol Wojtyla Sala general 03/12/2013 Compra 151000000000000000064175   155.232 LAR 81563 05/01/2026 05/03/2015 03/12/2013 Libro